| 000 | 01133naa a22003257a 4500 | ||
|---|---|---|---|
| 001 | BR7405017 | ||
| 003 | BR-BrBNA | ||
| 005 | 20240918173557.0 | ||
| 007 | ta | ||
| 008 | 230509b bl.||||| |||| 00| 0 por d | ||
| 040 |
_aBR-BrBNA _bpor _cBiblioteca Nacional de Agricultura |
||
| 041 | _a(Pt) | ||
| 072 |
_aK10; K50 _b3290 _bG514 |
||
| 090 | _aK10 BR7405017 | ||
| 100 | 1 | _aLemos, J.M. | |
| 111 | 1 |
_a2. Congresso Florestal Brasileiro _cCuritiba, PR (Brazil) _d17 Sep 1973 |
|
| 245 | 1 | _aReflorestamento com virola surinamensis (Ucuuba da varzea)na Ilha de Marajo [dendrologia, polpa, celulose, Para, Brasil] | |
| 260 | 3 |
_aCuritiba, PR (Brasil): _c1974. |
|
| 500 | _aAnais do 2. Congresso Florestal Brasileiro Curitiba, PR (Brasil): 1974. p. 109-112 (BR7405017-AM)K10 | ||
| 650 | _aUCURIBA | ||
| 650 | _aDENDROLOGIA | ||
| 650 | _aPOLPA | ||
| 650 | _aCELULOSE | ||
| 650 | _aREFLORESTAMENTO | ||
| 650 | _aILHA DE MARAJO | ||
| 650 | _aPARA | ||
| 773 | 0 |
_tAnais do 2. Congresso Florestal Brasileiro _wK10 BR7405017 _gCuritiba, PR (Brasil), 1974. p. 109-112 |
|
| 909 |
_a202404 _bLucia _c55 _dLucia Elande |
||
| 942 |
_cAM _2AGRIS |
||
| 999 |
_c305529 _d305529 |
||